| 000 | 00565nam a22001817a 4500 | ||
|---|---|---|---|
| 005 | 20250820150255.0 | ||
| 010 | _aENG-146475 | ||
| 020 |
_c1500.00 _a9789395276542 |
||
| 035 | _aEN-130007 | ||
| 037 | _bDBAD | ||
| 082 |
_a759.954 _21 |
||
| 100 |
_aLama, G.K. _984114 |
||
| 245 |
_aTechnological Advancement in Sindhu-Saraswati Civilization/ _cG.K. Lama |
||
| 260 |
_aVaranasi _bPrachya Vidya Bhawan _c2024 |
||
| 270 |
_aB5/25 Oudhgarvi, Sonarpura _bVaranasi _e221001 |
||
| 300 |
_avi, 208p. _c22cm(Hb) _bcol.ill |
||
| 942 |
_2ddc _cEN _h954.954 _mLAM |
||
| 999 |
_c213036 _d213036 |
||